| 000 | 01204nac a22003371u 4500 | ||
|---|---|---|---|
| 003 | EG-ScBUE | ||
| 005 | 20220616105127.0 | ||
| 008 | 110619s2008 enk f 000 f eng d | ||
| 020 | _a1405865210 | ||
| 020 | _a9781405865210 | ||
| 040 |
_aEG-ScBUE _beng _erda _cEG-ScBUE _dEG-ScBUE |
||
| 082 | 0 | 4 |
_a823.8 _bBRO _222 |
| 100 | 1 |
_aBrontë, Charlotte, _d1816-1855, _eauthor. _92835 |
|
| 245 | 1 | 0 |
_aWuthering Heights / _cEmily Brontë ; retold by Evelyn Attwood. |
| 264 | 1 |
_aHarlow, England : _bPearson Education Limited, _c2008. |
|
| 300 |
_a151 pages ; _c18 cm. |
||
| 336 |
_2rdacontent _atext _btxt |
||
| 337 |
_2rdamedia _aunmediated _bn |
||
| 338 |
_2rdacarrier _avolume _bnc |
||
| 490 | 0 |
_aPenguin readers ; _vlevel 5 |
|
| 521 | _aB2: Upper-Intermediate | ||
| 650 | 7 |
_aTriangles (Interpersonal relations) _vFiction. _2BUEsh _925514 |
|
| 650 | 7 |
_aRejection (Psychology) _vFiction. _2BUEsh _925515 |
|
| 650 | 7 |
_aRural families _vFiction. _2BUEsh _925516 |
|
| 650 | 7 |
_aFoundlings _vFiction. _2BUEsh _925517 |
|
| 651 | 7 |
_aYorkshire (England) _2BUEsh _925518 |
|
| 653 |
_cJune2011 _bHHUUEENN |
||
| 655 |
_vReading book _934232 |
||
| 700 | 1 |
_925513 _aAttwood, Evelyn, _econtributor. |
|
| 942 |
_cBB _k823.8 BRO _2ddc |
||
| 999 |
_c15629 _d15629 |
||